000 00637nam a2200229Ia 4500
005 20260320201934.0
008 008 262003s9999 xx 000 0 eng d
037 _aEBOOK
040 _aCRL
040 _beng
040 _cCRL
041 _2eng
041 _aeng
084 _qCRL
100 _aAlto
_91135892
245 0 _aPractical Generative AI with ChatGPT: Unleash your prompt engineering potential with OpenAI technologies for productivity and creativity
260 _bIEEE
856 _uhttps://ieeexplore.ieee.org/servlet/opac?bknumber=10977764
942 _cEBOOK
999 _c1724386
_d1724386